Statistics for Disney Cartoon Animals

Click here to take the quiz!

General Stats

  • This quiz has been taken 13 times
  • The average score is 7 of 27

Answer Stats

HintAnswer% Correct
Ariel's fish friendFlounder
69%
Clownfish who goes missingNemo
69%
Blue Tang who can readDory
62%
Marie
46%
Mother Cat's BabiesMarie
46%
Dad clownfishMarlin
46%
ChameleonPascal
46%
Chicken who isn't very smartHei Hei
38%
Gus
31%
Cinderella's mouse friendsJaq
31%
RaccoonMeeko
31%
Cute little grey and white pigPua
31%
French Mother CatDuchess
23%
HummingbirdFlit
23%
Berlioz
15%
Lucky cricketCri-Kee
15%
He's not a lizard, he don't do
that little tongue thing
Mushu
15%
Perla
15%
Suzy
15%
Sly alley cat who befriends
above cats
Thomas O'Malley
15%
Toulouse
15%
Bert
8%
Mulan's horseKhan
8%
Luke
8%
Mert
8%
Ratcliffe's pugPercy
8%
Rodent friend of above catsRoquefort
8%

Score Distribution

Percentile by Number Answered

Percent of People with Each Score

Your Score History

You have not taken this quiz